Invironmental (Record no. 9196)
[ view plain ]
| 000 -LEADER | |
|---|---|
| fixed length control field | 00218nam a22001217a 4500 |
| 040 ## - CATALOGING SOURCE | |
| Transcribing agency | SY |
| 082 ## - DEWEY DECIMAL CLASSIFICATION NUMBER | |
| Classification number | 631 |
| 100 ## - MAIN ENTRY--AUTHOR NAME | |
| Personal name | WILLIAM |
| 245 ## - TITLE STATEMENT | |
| Title | Invironmental |
| 260 ## - PUBLICATION, DISTRIBUTION, ETC. (IMPRINT) | |
| Place of publication | RUA |
| Name of publisher | WIL |
| Year of publication | 1999 |
| 300 ## - PHYSICAL DESCRIPTION | |
| Number of Pages | 649p. |
| 942 ## - ADDED ENTRY ELEMENTS (KOHA) | |
| Koha item type | សៀវភៅភាសាអង់គ្លេស |
| 952 ## - LOCATION AND ITEM INFORMATION (KOHA) | |
| Withdrawn status [LOCAL, KOHA] | 0 |
| 952 ## - LOCATION AND ITEM INFORMATION (KOHA) | |
| Withdrawn status [LOCAL, KOHA] | 0 |
| Permanent Location | Date acquired | Koha item type | Lost status | Shelving location | Barcode | Current Location | Full call number |
|---|---|---|---|---|---|---|---|
| Library Block B | 2016-08-25 | សៀវភៅភាសាអង់គ្លេស | C256 | RUA062477 | Library Block B | 631 WIL 1999 C256 | |
| Library Block B | 2016-08-25 | សៀវភៅភាសាអង់គ្លេស | C256 | RUA059975 | Library Block B | 631 WIL 1999 C256 |